Statistiques concernant Les Tournois ATP Masters 1000

Cliquez ici pour prendre le quiz!

Statistiques générales

  • Ce quiz a été pris 1 492 fois
  • Le résultat moyen est 5 sur 9

Statistiques - réponses

MoisTournoi% Correct
MaiMasters de Madrid
88%
MaiMasters de Rome
82%
AvrilMasters de Monte-Carlo
73%
Mars / AvrilMasters de Miami
66%
NovembreMasters de Paris-Bercy
66%
MarsMasters d'Indian Wells
58%
AoûtMasters de Cincinnati
51%
OctobreMasters de Shanghai
36%
AoûtMasters du Canada
30%

Distribution des résultats

Percentile par nombre de réponses

% des personnes avec chaque résultat

Votre développement - résultats

Vous n’avez pas pris ce quiz